Biblioteca

The method and message of Jewish apocalyptic (Registro nro. 67797)

Detalles MARC
000 -LÍDER
Campo fijo de descripción fija 01101nam a2200349 i 4500
001 - NÚMERO DE CONTROL
Campo de control 768714001
003 - IDENTIFICADOR DEL NÚMERO DE CONTROL
Campo de control CO-MdFUSB
005 - FECHA Y HORA DE LA ULTIMA TRANSACCIÓN
control field 20220510100314.0
007 - CAMPO FIJO DE DESCRIPCIÓN FIJA--INFORMACIÓN GENERAL
Campo fijo de descripción fija ta
008 - ELEMENTOS DE LONGITUD FIJA -- INFORMACIÓN GENERAL
Campo fijo de descripción fija -- Información general 180503t1964 enk||||| |||| 00| 0 eng d
020 ## - NÚMERO INTERNACIONAL NORMALIZADO PARA LIBROS
Número Internacional Normalizado del libro 0664205437
020 ## - NÚMERO INTERNACIONAL NORMALIZADO PARA LIBROS
Número Internacional Normalizado del libro 0664205437
040 ## - FUENTE DE CATALOGACIÓN
Agencia de catalogación original CO-MdFUSB
Idioma de catalogación spa
Agencia que realiza la transcripción CO-MdFUSB
Agencia que realiza la modificación CO-MdFUSBC
Convenciones de la descripción rda
041 ## - CÓDIGO DE IDIOMA
Código de idioma para texto/pista de sonido o título separado eng
082 04 - NÚMERO DE CLASIFICACIÓN DECIMAL DEWEY
Número de clasificación 221.7
Número de la edición del Dewey 23
Clave de autor-Numero de item OL44
100 1# - ASIENTO PRINCIPAL--NOMBRE PERSONAL
Nombre personal Russell, D. S.
245 14 - TÍTULO
Título del Material The method and message of Jewish apocalyptic
Fechas incluidas 200 BC-AD 100
Mención de responsabilidad, etc. / D. S. Russell
264 #1 - PRODUCCIÓN, PUBLICACIÓN, DISTRIBUCIÓN, MANUFACTURA, Y COPYRIGHT
Lugar de producción, publicación, distribución, manufactura London :
Nombre del productor, publicador, distribuidor The Westminster Press,
Fecha de producción, publicación, distribución, manufactura, o copyright [1964]
264 #4 - PRODUCCIÓN, PUBLICACIÓN, DISTRIBUCIÓN, MANUFACTURA, Y COPYRIGHT
Fecha de producción, publicación, distribución, manufactura, o copyright ©1964
300 ## - DESCRIPCIÓN FÍSICA
Extensión 464 páginas
Dimensiones ; 23 cm
336 ## - CONTENT TYPE
Source rdacontent
Content type term texto
Content type code txt
337 ## - MEDIA TYPE
Source rdamedia
Media type term sin mediación
Media type code n
338 ## - CARRIER TYPE
Source rdacarrier
Carrier type term volumen
Carrier type code nc
490 ## - MENCIÓN DE SERIE
Mención de serie The Old Testament Library
500 ## - NOTA GENERAL
Nota General Incluye índices (p. 431-464)
501 ## - NOTA DE “CON”
Nota de Contenido Pasta dura
505 ## - NOTA DE CONTENIDO
Nota de contenido con formato preestablecido La naturaleza y la identidad de la apocalíptica judía - El método de la apocalíptica judía - El mensaje de la apocalíptica judía
942 ## - TIPO DE MATERIAL (KOHA)
Tipo de Item KOHA Libros de Referencia
945 ## - LOCAL PROCESSING INFORMATION (OCLC)
a JTF-925
Existencias
Estado de Material Estado de Perdido Forma de Clasificación Estado de Dañado No para Préstamo Colección Biblioteca de Origen Biblioteca Permanente Fecha de Adquisición Área Total de Préstamos Signatura Topográfica Código de Barras Última vez visto Ejemplar/Existencia Fecha de Remplazo Tipo de Material
    Dewey Decimal Classification     Colección de Referencia Biblioteca FUSBC Biblioteca FUSBC 25/04/2022 BIBLIA   R 221.7 OL44m 24989 25/05/2023 Ej. 1 25/04/2022 Libros de Referencia
    Dewey Decimal Classification     Colección General Biblioteca FUSBC Biblioteca FUSBC 26/04/2022 BIBLIA   G 229.913 R951m 20678 26/04/2022 Ej. 1 26/04/2022 Libros General

Biblioteca FUSBC | Teléfono: (57+4) 349 88 10 Ext. 141| WhatsApp (+57) 3005338115 
E-mail: biblioteca@unisbc.edu.co | Calle 76 87-14 Robledo Palenque, Medellín, Colombia

Con tecnología Koha